000 00651nam a2200169 i 4500
001 95421
003 ES-MaACL
005 20230906181712.0
007 t|
008 050530s1955 sp ||||1| spa d
100 1 _aLlabrés Bernal, Juan.
_972635
245 1 0 _aIndice de los naturales de Mallorca que han servido en el Cuerpo General de la Armada desde 1717 hasta 1944 /
_cJuan Llabrés.
260 _aPalma de Mallorca :
_b[s.n.],
_c1955 (
_fImp. de los Sagrados Corazones)
300 _a9 p. ;
_c24 cm.
500 _aEs Separata de Memorias de la Academia Mallorquina de Estudios Genealógicos. n. VI-1955.
852 _aES-MaACL
_j1990-F-5
_bR.37785
999 _c95421
_d95421